000 00249nam a2200097Ia 4500
005 20251222114416.0
008 251222s1900||||xx |||||||||||||| ||spa||
082 _aDVD0093/C38
245 0 _aVencendo a desnutricao:Venciendo la desnutrición
942 _cDVD
999 _c2235
_d2235